Statistiques concernant Les entraîneurs vainqueurs de la Ligue des Champions

Cliquez ici pour prendre le quiz!

Statistiques générales

  • Ce quiz a été pris 1 438 fois
    (1 054 depuis la dernière actualisation)
  • Le résultat moyen est 20 sur 66

Statistiques - réponses

AnnéeEquipeNom% Correct
2018Real MadridZinedine Zidane
99%
2017Real MadridZinedine Zidane
99%
2016Real MadridZinedine Zidane
99%
2003AC MilanCarlo Ancelotti
95%
2014Real MadridCarlo Ancelotti
95%
2007AC MilanCarlo Ancelotti
95%
2011FC BarceloneJosep Guardiola
94%
2009FC BarceloneJosep Guardiola
94%
2019Liverpool FCJürgen Klopp
94%
2021ChelseaThomas Tuchel
93%
2004FC PortoJose Mourinho
91%
2010InterJose Mourinho
91%
1999Manchester UnitedAlex Ferguson
79%
2008Manchester UnitedAlex Ferguson
79%
2015FC BarceloneLuis Enrique
73%
2020Bayern MunichHans-Dieter Flick
65%
1992FC BarceloneJohan Cruyff
60%
2006FC BarceloneFrank Rijkaard
46%
2005Liverpool FCRafael Benitez
45%
2012ChelseaRoberto Di Matteo
43%
2013Bayern MunichJupp Heynckes
36%
1998Real MadridJupp Heynckes
36%
2002Real MadridVicente del Bosque
28%
2000Real MadridVicente del Bosque
28%
1990AC MilanArrigo Sacchi
25%
1989AC MilanArrigo Sacchi
25%
1993Olympique de MarseilleRaymond Goethals
20%
1996Juventus FCMarcello Lippi
19%
1994AC MilanFabio Capello
18%
1995AjaxLouis Van Gaal
18%
2001Bayern MunichOttmar Hitzfeld
10%
1997Borussia DortmundOttmar Hitzfeld
10%
1971AjaxRinus Michels
10%
1985Juventus FCGiovanni Trapattoni
9%
1988PSV EindhovenGuus Hiddink
7%
1965InterHelenio Herrera
6%
1964InterHelenio Herrera
6%
1981Liverpool FCBob Paisley
5%
1978Liverpool FCBob Paisley
5%
1977Liverpool FCBob Paisley
5%
1979Nottingham ForestBrian Clough
4%
1980Nottingham ForestBrian Clough
4%
1968Manchester UnitedMatt Busby
4%
1966Real MadridMiguel Muñoz
4%
1960Real MadridMiguel Muñoz
4%
1987FC PortoArthur Jorge
3%
1962BenficaBéla Guttmann
3%
1961BenficaBéla Guttmann
3%
1975Bayern MunichDettmar Cramer
2%
1976Bayern MunichDettmar Cramer
2%
1983Hambourg SVErnst Happel
2%
1970FeyenoordErnst Happel
2%
1956Real MadridJose Villalonga
2%
1957Real MadridJose Villalonga
2%
1963AC MilanNereo Rocco
2%
1969AC MilanNereo Rocco
2%
1972AjaxStefan Kovacs
2%
1973AjaxStefan Kovacs
2%
1982Aston VillaTony Barton
2%
1974Bayern MunichUdo Lattek
2%
1986Steaua BucarestEmeric Jenei
1%
1967Celtic GlasgowJock Stein
1%
1984Liverpool FCJoe Fagan
1%
1991Etoile Rouge de BelgradeLjupko Petrovic
1%
1959Real MadridLuis Carniglia
1%
1958Real MadridLuis Carniglia
1%

Distribution des résultats

Percentile par nombre de réponses

% des personnes avec chaque résultat

Votre développement - résultats

Vous n’avez pas pris ce quiz depuis la dernière actualisation